মানুষের নাবী / (Record no. 13447)
[ view plain ]
| 000 -LEADER | |
|---|---|
| fixed length control field | 00783nam a2200241 a 4500 |
| 001 - CONTROL NUMBER | |
| JCCL Control Number | 13447 |
| 003 - CONTROL NUMBER IDENTIFIER | |
| JCCL marc code | BD-JhCC |
| 005 - DATE AND TIME OF LATEST TRANSACTION | |
| control field | 20230924122102.0 |
| 008 - FIXED-LENGTH DATA ELEMENTS--GENERAL INFORMATION | |
| fixed length control field | 230720s2020 bg |||| |||| 000 0 eng d |
| 020 ## - INTERNATIONAL STANDARD BOOK NUMBER | |
| International Standard Book Number | 9789843456475 |
| 035 ## - SYSTEM CONTROL NUMBER | |
| system control number | (BD-JhCC)13447 |
| 040 ## - CATALOGING SOURCE | |
| Original cataloging agency | BD-JhCC |
| Modifying agency | BD-JhCC |
| 041 ## - LANGUAGE CODE | |
| Language code of Book | bengali |
| 082 ## - DEWEY DECIMAL CLASSIFICATION NUMBER | |
| Classification number | 297.18 |
| Author mark and Year | AMA 2020 |
| 100 ## - MAIN ENTRY--PERSONAL NAME | |
| Personal name | আমান,আবদুল আযীয আল |
| 245 ## - TITLE STATEMENT | |
| Title | মানুষের নাবী / |
| Statement of responsibility, etc | আবদুল আযীয আল আমান। |
| 260 ## - PUBLICATION, DISTRIBUTION, ETC. (IMPRINT) | |
| Place of publication, distribution, etc | ঢাকা : |
| Name of publisher, distributor, etc | বইকেন্দ্র পাবলিকেশন; |
| Date of publication, distribution, etc | ২০২০. |
| 300 ## - PHYSICAL DESCRIPTION | |
| Pagination | ৯৬ পৃ. : |
| Dimensions | ২১ সেমি. |
| 600 ## - SUBJECT ADDED ENTRY--PERSONAL NAME | |
| Personal name | Hazrat Abdullah Ibn Abbas Ra. |
| 650 ## - SUBJECT ADDED ENTRY--TOPICAL TERM | |
| Topical term or geographic name as entry element | Muslim legend |
| 650 ## - SUBJECT ADDED ENTRY--TOPICAL TERM | |
| Topical term or geographic name as entry element | Islamic |
| 942 ## - ADDED ENTRY ELEMENTS (KOHA) | |
| Source of classification or shelving scheme | Dewey Decimal Classification |
| Koha item type | Books |
| Source of classification or shelving scheme | Damaged status | Not for loan | Home library | Current library | Shelving location | Date of accession | Cost, normal purchase price | Total Checkouts | Full call number | Barcode | Date last seen | Copy number | Method of acquisition | Koha item type | Currency |
|---|---|---|---|---|---|---|---|---|---|---|---|---|---|---|---|
| Dewey Decimal Classification | JCC Rouf Library | JCC Rouf Library | General Stacks | 09/24/2023 | 156.00 | 297.18 AMA 2020 | 18338 | 09/24/2023 | C-1 | Purchase | Books | BDT |